| 000 | 00764nam a2200229 i 4500 | ||
|---|---|---|---|
| 001 | 124622 | ||
| 003 | ES-MaACL | ||
| 005 | 20251003152904.0 | ||
| 007 | t| | ||
| 008 | 070410s1960 sp ||||1| spa d | ||
| 080 | _a930.26(04) | ||
| 100 | 1 |
_aLaet, Siegfried J. de. _969457 |
|
| 245 | 1 | 3 |
_aLa arqueología y sus problemas / _cSigfried J. de Laet ; versión española, notas y apéndice por Eduardo Ripoll Perelló. |
| 260 |
_aBarcelona : _bLabor, _c[1960] |
||
| 300 |
_a213 p., XVI p. de lám. ; _c17 cm. |
||
| 490 | 1 |
_aColección Labor ; _v507,508 |
|
| 650 | 7 |
_aArqueología _2embne _99975 |
|
| 700 | 1 |
_aRipoll Perelló, Eduardo, _d1923-2006 _997437 |
|
| 830 | 0 | 0 |
_aColección Labor _v507,508 _9184254 |
| 852 |
_aES-MaACL _jE-2920 |
||
| 999 |
_c124622 _d124622 |
||